000 00533nam a2200217Ia 4500
003 OSt
005 20220928144330.0
006 a|||||r|||| 00| 0
007 ta
008 220927b |||||||| |||| 00| 0 eng d
024 _a65114
037 _cTextual
040 _aSDCL
_cSDCL
_beng
041 _2eng
_aeng
082 _aQ23x, M4
100 _aBahura Gopalnarayan
_9507641
245 0 _aShivamahimnah stotram.
260 _c1984
942 _hQ23x, M4
_cTEXL
_2CC
999 _c827095
_d827095